| 000 | 01065 a2200217 4500 | ||
|---|---|---|---|
| 003 | NUST | ||
| 005 | 20221031130924.0 | ||
| 010 | _a 93004626 | ||
| 020 | _a0070096694 (acid-free paper) | ||
| 040 | _cNust | ||
| 082 | 0 | 0 | _a510,CAL |
| 100 | 1 |
_aCalvert, James _9101981 |
|
| 245 | 1 | 0 |
_aFinite mathematics with computer-supported applications / _cJames Calvert, William Voxman. |
| 250 | _aInternational ed. | ||
| 260 |
_aNew York : _bMcGraw-Hill, _cc1994. |
||
| 300 |
_ax, 442 p. : _bill. (some col.) ; _c25 cm. |
||
| 505 | _aSets and Liner Equations (Page-1), Matrices (Page-12), Systems of Linear Equations (Page-35), Matrix Inverses and LU factors (Page-69), Introductory Linear Programming (Page-96), Intermediate Linear Programming (Page-130), Advanced Linear Programming (Page-171), Counting (Page-211), Probability (Page-236), Statistics (Page 299), Mathematics of Finance (Page-343), Introduction to Logic (Page-371), Appendix Using CALIPSO (Page-390). | ||
| 650 | 0 | _aMathematics. | |
| 700 | 1 |
_aVoxman, William L. _9101982 |
|
| 942 |
_2ddc _cBK _k510,CAL |
||
| 999 |
_c179758 _d179758 |
||